| 000 | 00534nam a2200205Ia 4500 | ||
|---|---|---|---|
| 003 | OSt | ||
| 005 | 20230401114902.0 | ||
| 008 | 210423s2009 xx 000 0 und d | ||
| 020 | _a9788175966260 | ||
| 040 | _cAL | ||
| 041 | _aeng | ||
| 082 |
_a829.09 _223 _b NAYP |
||
| 100 |
_aNAYAR (Pramod K). _981665 |
||
| 245 | _aShort history of english literature. | ||
| 260 |
_aNew Delhi _bCambridge University Press _c2009 |
||
| 300 |
_a- _bPB |
||
| 365 | _cINR | ||
| 906 | _aenglish ; history ; literature. ; Short | ||
| 942 |
_2ddc _cBK |
||
| 999 |
_c156771 _d156771 |
||